Before/After Grab Bag Quiz Stats

 Plays Quiz Updated Jun 7, 2017

Support Sporcle.
Go Orange.
Score 0/45 Timer 10:00
2 Plays Today
Hint Answer % Correct
Sports
US Open Tennis Men's Champion
Novak Djokovic
100%
Literature
Twilight Novels
Eclipse
100%
Just For Fun
Chipmunks
Simon
100%
Science
Element by Atomic Number
Nitrogen
100%
Geography
States on Route 66
Missouri
100%
Movies
Original Star Wars Movies
The Empire Strikes Back
100%
Religion
The Ten Commandments
Commit adultery
100%
Televison
Actors Portraying Doctor Who
Matt Smith
100%
Music
What Rick Astley is Never Gonna Do
Say goodbye
100%
History
US Presidents
Lyndon B. Johnson
100%
Language
Greek Alphabet
Delta
100%
Entertainment
Pixar Movies
The Incredibles
100%
Holiday
US Federal Holidays
Labor Day
100%
Gaming
Properties on a Monopoly Board
Go
99.9%
Miscellaneous
NATO Phonetic Alphabet
Uniform
99.9%
Just For Fun
Chipmunks
Alvin
81.9%
Just For Fun
Chipmunks
Theodore
72.9%
History
US Presidents
John F. Kennedy
69.9%
History
US Presidents
Richard Nixon
69.1%
Movies
Original Star Wars Movies
Return of the Jedi
69%
Language
Greek Alphabet
Epsilon
62%
Language
Greek Alphabet
Gamma
61.1%
Movies
Original Star Wars Movies
A New Hope
61%
Hint Answer % Correct
Geography
States on Route 66
Kansas
59.6%
Gaming
Properties on a Monopoly Board
Boardwalk/Mayfair
59.5%
Science
Element by Atomic Number
Oxygen
59.4%
Sports
US Open Tennis Men's Champion
Rafael Nadal
58.9%
Miscellaneous
NATO Phonetic Alphabet
Tango
57.8%
Holiday
US Federal Holidays
Independence Day
56.9%
Literature
Twilight Novels
New Moon
53.9%
Geography
States on Route 66
Illinois
53.2%
Music
What Rick Astley is Never Gonna Do
Tell a lie and hurt you
52.5%
Religion
The Ten Commandments
Kill
50.6%
Science
Element by Atomic Number
Carbon
48.1%
Religion
The Ten Commandments
Steal
45.2%
Miscellaneous
NATO Phonetic Alphabet
Victor
45.1%
Sports
US Open Tennis Men's Champion
Andy Murray
44.6%
Entertainment
Pixar Movies
Cars
44.3%
Holiday
US Federal Holidays
Columbus Day
41.8%
Literature
Twilight Novels
Breaking Dawn
40.9%
Televison
Actors Portraying Doctor Who
David Tennant
38.7%
Gaming
Properties on a Monopoly Board
Med. Ave./Old Kent Rd.
37.4%
Music
What Rick Astley is Never Gonna Do
Make you cry
36.1%
Entertainment
Pixar Movies
Finding Nemo
35.8%
Televison
Actors Portraying Doctor Who
Peter Capaldi
26.7%

You're not logged in!

Compare scores with friends on all Sporcle quizzes.
OR
Log In
Forgot?

From the Vault

Animal Bunker II

by Aztlan_Historian

Bad animal puns are cat-astrophic.
Remove Ads.
Support Sporcle.
Get the best of Sporcle when you Go Orange. This ad-free experience offers more features, more stats, and more fun while also helping to support Sporcle. Thank you for becoming a member.

Show Comments

Extras

Top Quizzes Today


Score Distribution

Your Account Isn't Verified!

In order to create a playlist on Sporcle, you need to verify the email address you used during registration. Go to your Sporcle Settings to finish the process.

Report this User

Report this user for behavior that violates our Community Guidelines.

Details: